Kỹ thuật và quản lý an toàn trong xây dựng

Gardado en:
Detalles Bibliográficos
Autor Principal: Lưu, Trường Văn
Outros autores: Lê, Hoài Long
Formato: Libro
Idioma:Undetermined
Publicado: TP.HCM Đại học Quốc gia TP.HCM 2007
Những chủ đề:
Acceso en liña:http://lrc.tdmu.edu.vn/opac/search/detail.asp?aID=2&ID=3556
Các nhãn: Engadir etiqueta
Sen Etiquetas, Sexa o primeiro en etiquetar este rexistro!
Thư viện lưu trữ: Trung tâm Học liệu Trường Đại học Thủ Dầu Một
LEADER 00725nam a2200205Ia 4500
001 TDMU_3556
008 210410s9999 xx 000 0 und d
082 |a 624.068 
090 |b L9789 
100 |a Lưu, Trường Văn 
245 0 |a Kỹ thuật và quản lý an toàn trong xây dựng 
245 0 |c Lưu Trường Văn, Lê Hoài Long 
260 |a TP.HCM 
260 |b Đại học Quốc gia TP.HCM 
260 |c 2007 
300 |a 312tr. 
650 |a An toàn lao động; Xây dựng  |x An toàn lao động 
700 |a Lê, Hoài Long 
856 |u http://lrc.tdmu.edu.vn/opac/search/detail.asp?aID=2&ID=3556 
980 |a Trung tâm Học liệu Trường Đại học Thủ Dầu Một